[Event "Luxembourg op"]
[Site "Luxembourg"]
[Date "1990.??.??"]
[Round "2"]
[White "Farago, Ivan"]
[Black "Southam, Todd"]
[Result "1/2-1/2"]
[WhiteElo "2475"]
[BlackElo "2335"]

1.d4 d5 2.c4 e6 3.Nc3 Be7 4.Nf3 Nf6 5.Bf4 O-O 6.e3 b6 7.cxd5 exd5 8.Be2 Bb7
9.O-O c5 10.Ne5 Nbd7 11.dxc5 Nxc5 12.Nf3 Nfe4 13.Be5 Bf6 14.Bxf6 Qxf6 15.Rc1 Rac8
16.Qd4 Qxd4 17.Nxd4 Ne6 18.Ncb5 a6 19.Nxe6 fxe6 20.Rc7 axb5 21.Rxb7 Rc2 22.Bg4 Nc5
23.Rxb6 Rxb2 24.Rc6 h5 25.Bh3 g5 26.f3 g4 27.fxg4 Ne4 28.gxh5 Rxf1+ 29.Kxf1 Rb1+
30.Ke2 Rb2+ 31.Kd1 Nf2+ 32.Ke1 Nxh3 33.gxh3 Kf7 34.Rc7+ Kf6 35.h6 Rxh2 36.h7 Rxh3
37.Ke2 Kg6 38.Re7 Kf6 39.Rb7 Kg6 40.Kd3 Rxh7 41.Rxb5 Ra7 42.Rb2 e5 43.Rb5 Ra3+
44.Ke2 Rxa2+ 45.Kf3 Rd2 46.e4 Rd3+ 47.Ke2 dxe4 48.Rxe5  1/2-1/2

[Event "Luxembourg op"]
[Site "Luxembourg"]
[Date "1990.??.??"]
[Round "5"]
[White "Plaskett, Jim"]
[Black "Hansen, Lars Bo"]
[Result "1-0"]
[WhiteElo "2470"]
[BlackElo "2460"]

1.Nf3 Nf6 2.c4 e6 3.Nc3 d5 4.d4 Be7 5.Bf4 O-O 6.e3 b6 7.cxd5 Nxd5 8.Nxd5 exd5
9.Bd3 c5 10.Ne5 Be6 11.Qh5 g6 12.Nxg6 fxg6 13.Bxg6 Rf7 14.Bxh7+ Rxh7 15.Qg6+ Rg7
16.Qxe6+ Rf7 17.Qg6+ Rg7 18.Qe6+ Rf7 19.dxc5 bxc5 20.Qg6+ Rg7 21.Qe6+ Rf7
22.O-O-O Qd7 23.Qxd5 Qxd5 24.Rxd5 Na6 25.a3 c4 26.Kc2 Rc8 27.f3 c3 28.b4 Rg7
29.g4 Bxb4 30.Rhd1 Bxa3 31.Rd8+ Rxd8 32.Rxd8+ Kh7 33.Kxc3 Be7 34.Rc8 Nb4
35.Kc4 Nc2 36.Kd3 Nb4+ 37.Kc4 Nc2 38.Kd5 Nb4+ 39.Ke4 Bf6 40.Bd6 a5 41.Ra8 Rd7
42.Bc5 Bd8 43.f4 Nd5 44.Bd4 Ne7 45.g5 Ng6 46.Kf5 Rd5+ 47.Ke4 Rd7 48.Ra6 Re7+
49.Kf5 Nh4+ 50.Kg4 Ng2 51.Rh6+ Kg8 52.Rh8+ Kf7 53.Rxd8  1-0

[Event "Lyon zt"]
[Site "Lyon"]
[Date "1990.??.??"]
[Round "6"]
[White "Piket, Jeroen"]
[Black "Van der Sterren, Paul"]
[Result "1/2-1/2"]
[WhiteElo "2495"]
[BlackElo "2515"]

1.d4 d5 2.c4 e6 3.Nc3 Nf6 4.Nf3 Be7 5.Bf4 O-O 6.e3 c5 7.dxc5 Bxc5 8.Qc2 Nc6
9.a3 Qa5 10.Rd1 Be7 11.Nd2 e5 12.Bg5 d4 13.Nb3 Qd8 14.exd4 Nxd4 15.Nxd4 exd4
16.Nb5 Bg4 17.Rxd4 Re8 18.Be3 Qb6 19.Bd3 Bc5 20.O-O Bxd4 21.Bxd4 Qd8 22.Bxf6 gxf6
23.h3 Bh5 24.Bxh7+ Kg7 25.Be4 a6 26.Nc3 Bg6 27.Bxg6 fxg6 28.Nd5 Qd6 29.a4 b5
30.axb5 axb5 31.b3 bxc4 32.bxc4 Qe5 33.Qb1 Reb8 34.Qd1 Re8 35.Qb1 Rab8 36.Qa2 Qd4
37.Qa4 Red8 38.Rd1 Ra8 39.Qb3 Ra1 40.Rxa1 Qxa1+ 41.Kh2 Qe5+ 42.g3  1/2-1/2

[Event "Mar del Plata"]
[Site "Mar del Plata"]
[Date "1990.??.??"]
[Round "8"]
[White "Letelier, Rene"]
[Black "Clement Gomez, Jose A"]
[Result "1/2-1/2"]
[WhiteElo "2285"]
[BlackElo "2295"]

1.d4 Nf6 2.c4 e6 3.Nc3 d5 4.Nf3 Be7 5.Bf4 O-O 6.e3 c5 7.dxc5 Bxc5 8.a3 a5
9.cxd5 exd5 10.Be2 Nc6 11.O-O h6 12.Rc1  1/2-1/2

[Event "Moscow1"]
[Site "Moscow"]
[Date "1990.??.??"]
[Round "?"]
[White "Yuferov, Sergey  N"]
[Black "Zhachev, A."]
[Result "1/2-1/2"]
[WhiteElo "2435"]
[BlackElo "2410"]

1.d4 Nf6 2.c4 e6 3.Nc3 d5 4.Nf3 Be7 5.Bf4 O-O 6.e3 c5 7.dxc5 Bxc5 8.a3 Nc6
9.Be2 dxc4 10.Bxc4 a6 11.O-O b5 12.Bd3 Bb7 13.Rc1 Be7 14.Qe2 Rc8 15.Rfd1 Qb6
16.Ne4 Nxe4 17.Bxe4 Na5 18.Bxb7  1/2-1/2

[Event "GMA-qual f"]
[Site "Moscow"]
[Date "1990.??.??"]
[Round "8"]
[White "Gelfand, Boris"]
[Black "Azmaiparashvili, Zurab"]
[Result "1/2-1/2"]
[WhiteElo "2615"]
[BlackElo "2610"]

1.d4 d5 2.c4 e6 3.Nf3 Nf6 4.Nc3 Be7 5.Bf4 O-O 6.e3 c6 7.Qc2 Nbd7 8.h3 Re8
9.cxd5 Nxd5 10.Nxd5 exd5 11.O-O-O Nf8 12.Bd3 Bd7 13.Kb1 Rc8 14.g4 Qb6 15.Rc1 c5
16.dxc5 Rxc5 17.Qb3 Qxb3 18.axb3 Ne6 19.Bg3 Rec8 20.Rcd1 Bb5 21.Bxb5 Rxb5
22.Rd3 f6 23.Rhd1 Kf7 24.Rxd5 Rxb3 25.Bd6 Rd8 26.Nd2 Rb6 27.Ne4 Rc6 28.f4 Nc7
29.R5d3 Ne8 30.Bxe7 Rxd3 31.Rxd3 Kxe7 32.h4 Nd6 33.Nc3 h5 34.gxh5 Rc5 35.h6 gxh6
36.Nd5+ Ke6 37.Nxf6 Nf5 38.Ng4 h5 39.Nf2 Nxh4 40.e4 Ng2 41.Nh3 h4 42.Rd8 Ne3
43.Ng5+ Ke7 44.Rb8 Rb5 45.Rc8 Kf6 46.Rc3 Ng2 47.Rf3 Rxg5 48.fxg5+ Kxg5 49.e5 Nf4
50.Kc2  1/2-1/2

[Event "New York op"]
[Site "New York"]
[Date "1990.??.??"]
[Round "8"]
[White "Lputian, Smbat G"]
[Black "Geller, Efim P"]
[Result "1-0"]
[WhiteElo "2545"]
[BlackElo "2515"]

1.d4 d5 2.c4 e6 3.Nc3 Be7 4.Nf3 Nf6 5.Bf4 O-O 6.e3 c5 7.dxc5 Bxc5 8.cxd5 Nxd5
9.Nxd5 exd5 10.a3 Nc6 11.Bd3 Bb6 12.O-O Bg4 13.h3 Bh5 14.b4 Re8 15.Rc1 a5
16.g4 Bg6 17.Bxg6 hxg6 18.b5 Na7 19.Qd3 Qd7 20.Rfd1 Rad8 21.Bg5 f6 22.Qxg6 Qe6
23.Bf4 Nxb5 24.Rb1 Nc3 25.Rxb6 Qxb6 26.Ng5 Ne2+ 27.Kh1 Nxf4 28.Qh7+ Kf8 29.Qh8+ Ke7
30.Qxg7+ Kd6 31.Nf7+ Ke6 32.exf4 Qxf2 33.f5+ Kd7 34.Ne5+ Kc8 35.Rb1 b6 36.Rc1+ Kb8
37.Nc6+  1-0

[Event "New York Manhattan"]
[Site "New York"]
[Date "1990.??.??"]
[Round "9"]
[White "Kaidanov, Grigory S"]
[Black "Geller, Efim P"]
[Result "1-0"]
[WhiteElo "2500"]
[BlackElo "2515"]

1.d4 d5 2.c4 e6 3.Nf3 Nf6 4.Nc3 Be7 5.Bf4 O-O 6.e3 c5 7.dxc5 Bxc5 8.Be2 Nc6
9.O-O a6 10.cxd5 exd5 11.Rc1 Ba7 12.Ne5 Ne7 13.Qb3 d4 14.Rfd1 Be6 15.Qxb7 Nfd5
16.Nxd5 Bxd5 17.Qb4 dxe3 18.Bxe3 Bxe3 19.fxe3 a5 20.Qa3 Ra7 21.Bf3 Rc7 22.Rc5 Qd6
23.Rcxd5 Qxa3 24.bxa3 Nxd5 25.Bxd5 g6 26.Nxf7 Rc3 27.e4 Kg7 28.Ng5 Re8 29.a4 h6
30.Nf3 g5 31.h3 Rb8 32.Bb3 Rb7 33.Nd4 Kf6 34.Rf1+ Ke5 35.Nb5 Rc6 36.Bd5  1-0

[Event "NLD-ch"]
[Site "?"]
[Date "1990.??.??"]
[Round "5"]
[White "Blees, Albert"]
[Black "Pliester, Leon"]
[Result "0-1"]
[WhiteElo "2400"]
[BlackElo "2390"]

1.d4 Nf6 2.c4 e6 3.Nf3 d5 4.Nc3 Be7 5.Bf4 O-O 6.e3 c5 7.dxc5 Bxc5 8.Qc2 Nc6
9.a3 Qa5 10.O-O-O dxc4 11.Bxc4 Rd8 12.Nd2 Be7 13.Nb3 Rxd1+ 14.Rxd1 Qh5 15.f3 Na5
16.g4 Nxb3+ 17.Qxb3 Qc5 18.Kb1 h6 19.e4 Qc6 20.Ka2 a6 21.Be2 b5 22.e5 Nd7
23.Ne4 Nb6 24.Nd6 Nd5 25.Rc1 Qd7 26.Nxc8 Rxc8 27.Rxc8+ Qxc8 28.Bg3 Qc1 29.Bd3 Bc5
30.Qc2 Qe3 31.Be4 g5 32.Bxd5 exd5 33.e6 fxe6 34.Qg6+ Kf8 35.Qxh6+ Kf7 36.Qh7+ Ke8
37.Qg8+ Kd7 38.Qb8 Qd4 39.Qc7+ Ke8 40.Qc8+ Kf7 41.Qc7+ Be7 42.Bd6 Qc4+ 43.b3 Qxc7
44.Bxc7 Bf6 45.Kb1 e5 46.Kc2 e4 47.Kd2 Ke6 48.Ke2 Kd7 49.Ba5 Kc6 50.Bb4 Bd8
51.h3 a5 52.Bf8 a4 53.bxa4 bxa4 54.fxe4 dxe4 55.Bb4 Kd5 56.Ke3 Bb6+ 57.Ke2 Bc5
58.Bd2 Bxa3 59.Bxg5 Bc5 60.Kd2 e3+ 61.Kc3 e2 62.Bd2 Bb6 63.Kb2 Kc4 64.Ka2 Bf2  0-1

[Event "NLD-ch"]
[Site "?"]
[Date "1990.??.??"]
[Round "7"]
[White "Van der Sterren, Paul"]
[Black "Pliester, Leon"]
[Result "1/2-1/2"]
[WhiteElo "2515"]
[BlackElo "2390"]

1.d4 Nf6 2.c4 e6 3.Nf3 d5 4.Nc3 Be7 5.Bf4 O-O 6.e3 c5 7.dxc5 Bxc5 8.Qc2 Nc6
9.a3 Qa5 10.Rd1 Be7 11.Nd2 e5 12.Bg5 d4 13.Nb3 Qb6 14.Bxf6 Bxf6 15.Nd5 Qd8
16.Bd3 g6 17.exd4 exd4 18.Nxf6+ Qxf6 19.O-O a5 20.Rd2 Re8 21.Rfd1 a4 22.Nc5 Ra5
23.Ne4 Qd8 24.c5 Kg7 25.Nd6 Re5 26.Bb5 Bf5 27.Nxf5+ Rxf5 28.Bxc6 Rfxc5 29.Qe4 Rxc6
30.Rxd4 Qf6 31.g3 Re5 32.Qf4  1/2-1/2

[Event "NOR-ch"]
[Site "NOR"]
[Date "1990.??.??"]
[Round "6"]
[White "Ostenstad, Berge"]
[Black "Elseth, Roar"]
[Result "1-0"]
[WhiteElo "2425"]
[BlackElo "2330"]

1.d4 Nf6 2.c4 e6 3.Nc3 d5 4.Nf3 Be7 5.Bf4 O-O 6.e3 c5 7.dxc5 Bxc5 8.Qc2 Qa5
9.a3 Nc6 10.Rd1 Be7 11.Nd2 e5 12.Bg5 d4 13.Nb3 Qd8 14.Be2 h6 15.Bxf6 Bxf6
16.O-O Be6 17.Nc5 Qe7 18.Nxe6 Qxe6 19.Nd5 Bd8 20.e4 Ne7 21.f4 Nxd5 22.exd5 Qe7
23.c5 exf4 24.d6 Qe5 25.Bf3 Rc8 26.b4 b6 27.Bb7 Rb8 28.Rfe1 Qf6 29.Bd5 bxc5
30.bxc5 Rc8 31.d7 Rb8 32.Re8 Bc7 33.Qe4 Rd8 34.Qe7 Qxe7 35.Rxe7 Ba5 36.Rxd4 g5
37.Ra4 Bd2 38.c6 Be3+ 39.Rxe3 fxe3 40.Re4  1-0

[Event "Novi Sad ol (Men)"]
[Site "Novi Sad"]
[Date "1990.??.??"]
[Round "5"]
[White "Ostenstad, Berge"]
[Black "Boensch, Uwe"]
[Result "0-1"]
[WhiteElo "2425"]
[BlackElo "2510"]

1.d4 Nf6 2.c4 e6 3.Nf3 d5 4.Nc3 Be7 5.Bf4 O-O 6.e3 c5 7.dxc5 Bxc5 8.Qc2 Nc6
9.Rd1 Qa5 10.a3 Be7 11.Nd2 e5 12.Bg5 d4 13.Nb3 Qd8 14.Be2 a5 15.Na4 g6 16.Bxf6 Bxf6
17.c5 Bg7 18.O-O Qh4 19.e4 Be6 20.Nb6 Rad8 21.Bc4 Bh6 22.Bxe6 fxe6 23.Qd3 Rf7
24.Nc4 Rdf8 25.g3 Qh5 26.Qc2 Rxf2 27.Rxf2 Rxf2 28.Qxf2 Qxd1+ 29.Kg2 Qxb3
30.Nd6 Nd8 31.Qf6 Qc2+ 32.Kh3 Qxc5 33.Qxd8+ Bf8 34.Nxb7 Qc6 35.Nxa5 Qxe4
36.Qd7 Qf5+ 37.Kg2 d3 38.Nb3 e4 39.Nd4 Qd5 40.Qxd5 exd5  0-1

[Event "Novi Sad ol (Men)"]
[Site "Novi Sad"]
[Date "1990.??.??"]
[Round "6"]
[White "Ostenstad, Berge"]
[Black "Mirza, Shahzad"]
[Result "1-0"]
[WhiteElo "2425"]
[BlackElo "2275"]

1.Nf3 Nf6 2.c4 e6 3.Nc3 d5 4.d4 Be7 5.Bf4 O-O 6.e3 Nbd7 7.Qc2 a6 8.cxd5 exd5
9.O-O-O b5 10.Ne5 Bb7 11.Bd3 Rc8 12.Nxd7 Nxd7 13.Bxh7+ Kh8 14.Bf5 c5 15.Kb1 g6
16.Bxd7 Qxd7 17.dxc5 Rxc5 18.Be5+ Kg8 19.Bd4 Rc4 20.Qd3 b4 21.Ne2 a5 22.Ng3 Ba6
23.Qd2 Rfc8 24.h4 Rc2 25.Qxc2 Rxc2 26.Kxc2 Qa4+ 27.Kb1 b3 28.a3 Bc4 29.h5 Qb5
30.Bc3 Bd3+ 31.Ka1 Bc2 32.Rd4 Bf6 33.Re1 Bxd4 34.Bxd4 Qd3 35.hxg6 fxg6 36.Ne2 Qe4
37.f3 Qh4 38.Bc3 Qf2 39.Nf4 g5 40.Nxd5 Qxg2 41.Nf6+ Kf8 42.Nd7+ Ke7 43.Ne5 a4
44.Nc6+ Ke8 45.Nd4 Bg6 46.e4 g4 47.fxg4 Bxe4 48.Ne6 Qxg4 49.Nc5 Kd8 50.Nxe4 Kc7
51.Bb4 Kc6 52.Nc3 Qg3 53.Nxa4 Kb5 54.Nc3+ Kc4 55.Ne4 Qh4 56.Nd2+ Kd3 57.Nxb3 Kc2
58.Ka2 Qf6 59.Rc1+ Kd3 60.Nc5+ Ke2 61.Re1+  1-0

[Event "Novi Sad ol (Men)"]
[Site "Novi Sad"]
[Date "1990.??.??"]
[Round "6"]
[White "Lobron, Eric"]
[Black "Beliavsky, Alexander G"]
[Result "1/2-1/2"]
[WhiteElo "2535"]
[BlackElo "2605"]

1.c4 e6 2.Nf3 d5 3.d4 Nf6 4.Nc3 Be7 5.Bf4 O-O 6.e3 c6 7.Qc2 b6 8.cxd5 cxd5
9.Be2 Bb7 10.O-O Nbd7 11.h3 Rc8 12.Qb3 Ne4 13.Rac1 a6 14.a4 Nd6 15.Rfd1 Nc4
16.Qa2 Na5 17.Qb1 Nb3 18.Rc2 Nb8 19.Rd3 Na5 20.Na2 Qd7 21.b3 Rxc2 22.Qxc2 Rc8
23.Rc3 Nbc6 24.Ne5 Nxe5 25.Bxe5 Rxc3 26.Qxc3 Nc6 27.Bg3 Bd6 28.Bxd6 Qxd6
29.b4 a5 30.bxa5 Nxa5 31.Bb5 Bc6 32.Bxc6 Nxc6 33.Nc1 h5 34.Nb3 g5 35.a5 bxa5
36.Nxa5 Ne7 37.Nb3 Nf5 38.Nd2 g4 39.hxg4 hxg4 40.Nf1 g3  1/2-1/2

[Event "Novi Sad ol (Men)"]
[Site "Novi Sad"]
[Date "1990.??.??"]
[Round "7"]
[White "Gulko, Boris F"]
[Black "Jussupow, Artur"]
[Result "1/2-1/2"]
[WhiteElo "2600"]
[BlackElo "2605"]

1.d4 Nf6 2.c4 e6 3.Nf3 d5 4.Nc3 Be7 5.Bf4 O-O 6.e3 c5 7.dxc5 Bxc5 8.Qc2 Nc6
9.a3 Qa5 10.Nd2 Be7 11.Nb3 Qb6 12.Rd1 e5 13.Bg5 Bg4 14.f3 dxc4 15.Bxc4 Be6
16.Na4 Qc7 17.Bxe6 fxe6 18.Bxf6 Rxf6 19.O-O Rh6 20.Nac5 Bg5 21.Qc3 Nd4 22.exd4 exd4
23.Qxd4 Qxh2+ 24.Kf2 Bh4+ 25.Ke3 Qxg2 26.Ne4 Rf8 27.Nbd2 Qg6 28.Rg1 Qf7 29.Rg4 Bd8
30.Qe5 Bc7 31.Qg5  1/2-1/2

[Event "Novi Sad ol (Men)"]
[Site "Novi Sad"]
[Date "1990.??.??"]
[Round "14"]
[White "Gelfand, Boris"]
[Black "Olafsson, Helgi"]
[Result "1/2-1/2"]
[WhiteElo "2680"]
[BlackElo "2595"]

1.d4 Nf6 2.c4 e6 3.Nf3 d5 4.Nc3 Be7 5.Bf4 O-O 6.e3 Nbd7 7.Qc2 c6 8.h3 Re8
9.a3 Bf8 10.Bd3 dxc4 11.Bxc4 Nd5 12.Bh2 Nxc3 13.bxc3 b6 14.O-O Bb7 15.Bd3 g6
16.a4 c5 17.e4 Qc8 18.Qd2 Ba6 19.a5 Bxd3 20.Qxd3 Bh6 21.axb6 axb6 22.Rxa8 Qxa8
23.d5 exd5 24.exd5 b5 25.d6 Qc6 26.Rb1 Rb8 27.Re1 b4 28.Qc4 bxc3 29.Re7 Rf8
30.Ne5 Nxe5 31.Bxe5 c2 32.Qxc2 Qd5 33.Qb2 Bg5 34.Rb7 Bc1 35.Qxc1 Qxb7 36.Qg5 f5
37.h4 Qd5 38.f4 c4 39.h5 Qe6 40.hxg6 Qxg6 41.Qh4 Qe6 42.Kf2 Rc8 43.Qg5+ Kf8
44.Qg7+ Ke8 45.Qh8+ Kd7 46.Qxh7+ Kc6 47.Qa7 Qd5 48.Qa6+  1/2-1/2

[Event "Pamplona"]
[Site "Pamplona"]
[Date "1990.??.??"]
[Round "?"]
[White "Polgar, Zsuzsa"]
[Black "Gomez Esteban, Juan Mario"]
[Result "1/2-1/2"]
[WhiteElo "2510"]
[BlackElo "2415"]

1.d4 d5 2.c4 e6 3.Nc3 Be7 4.Nf3 Nf6 5.Bf4 O-O 6.e3 c5 7.dxc5 Bxc5 8.a3 Nc6
9.Rc1 dxc4 10.Bxc4 Qxd1+ 11.Rxd1 a6 12.Bd3 Rd8 13.Bg5 h6 14.Bh4 e5 15.Bxf6 gxf6
16.Nh4 Be6 17.g4 Kf8 18.h3 Bb3 19.Rd2 Na5 20.Bc2 Bc4 21.Nf5 Nb3 22.Bxb3 Bxb3
23.Nxh6 Bb6 24.Nf5 Ba5 25.Nd6 Rd7 26.Nde4 Rad8 27.Ke2 Bc4+ 28.Ke1 Bxc3 29.bxc3 Ke7
30.f3 Rd3 31.Rxd3 Rxd3 32.Kf2 Bd5 33.Rb1 Bxe4 34.fxe4 b5 35.a4 bxa4 36.Rb6 Rxc3
37.Rxa6 a3 38.Kf3 Rb3 39.h4 Rc3 40.h5 Rb3 41.h6 Rb1 42.Rxa3 Rh1 43.Ra7+ Ke6
44.g5 fxg5 45.Ra6+ Ke7 46.Kg4 f6 47.Ra7+ Ke6 48.h7 Rh4+ 49.Kf3 Rh1 50.Ke2 Rh2+
51.Kf3 Rh1 52.Kg3 Rh4 53.Rg7 Rh1 54.Rb7 Rh4 55.Kg2  1/2-1/2

[Event "Paris-ch"]
[Site "Paris"]
[Date "1990.??.??"]
[Round "?"]
[White "Foisor, Ovidiu"]
[Black "Villeneuve, Alain"]
[Result "1/2-1/2"]
[WhiteElo "2455"]
[BlackElo "2315"]

1.d4 d5 2.c4 e6 3.Nc3 Nf6 4.Nf3 Be7 5.Bf4 O-O 6.e3 c6 7.a3 b6 8.Bd3 Bb7 9.Rc1 Nbd7
10.O-O Re8 11.Qe2 dxc4 12.Bxc4 Nd5 13.Bg3 Nxc3 14.Rxc3 b5 15.Bd3 b4 16.axb4 Bxb4
17.Rc2 Qa5 18.Nd2 Bxd2 19.Qxd2 Qxd2 20.Rxd2 c5 21.Bb5 Red8 22.Bc7 Rdc8 23.Bd6 cxd4
24.Bxd7 Rd8 25.Rxd4  1/2-1/2

[Event "URS-chT"]
[Site "Podolsk"]
[Date "1990.??.??"]
[Round "?"]
[White "Agrest, Evgenij"]
[Black "Ambarcumjan, Armen"]
[Result "1/2-1/2"]
[WhiteElo "2415"]
[BlackElo "2355"]

1.d4 Nf6 2.c4 e6 3.Nc3 d5 4.Nf3 Be7 5.Bf4 O-O 6.e3 c5 7.dxc5 Bxc5 8.Qc2 Nc6
9.a3 Qa5 10.O-O-O Be7 11.g4 Rd8 12.Nd2 dxc4 13.Nxc4 Rxd1+ 14.Qxd1 Qd8 15.Qxd8+ Nxd8
16.Be2 Nd5 17.Rd1 Nxf4 18.exf4 f6 19.Bf3 Kf8 20.Kb1 Rb8 21.Nb5 a6 22.Na7 b5
23.Nb6 Rxb6 24.Nxc8 Rb8 25.Rc1 b4 26.Ka2 bxa3 27.bxa3 Rb5 28.Nxe7 Kxe7 29.Rc7+ Kf8
30.Rd7 Nf7 31.Be2 Rc5 32.Kb3 a5 33.Bc4 Rc6 34.Rb7 Nd6 35.Bxe6 Nb5 36.Rf7+ Ke8
37.f5 Nd4+ 38.Ka4 h5 39.Rxg7 Nxe6 40.fxe6 Rc4+ 41.Kxa5 hxg4 42.Kb5 Rf4 43.a4 Rf5+
44.Kc6 Rxf2 45.Rxg4 Ke7 46.h4 Rc2+ 47.Kd5 Rd2+ 48.Rd4 Re2 49.Re4 Rd2+ 50.Kc5 Ra2
51.Kd5 Rd2+ 52.Kc6 f5 53.Rb4 Rd6+ 54.Kb7 Rd5 55.h5 Kxe6 56.h6 Rd7+ 57.Kc8 Rh7
58.Rh4 Ke5 59.a5 f4 60.a6 f3 61.Rh1 Kd6  1/2-1/2

[Event "Rimavska Sobota"]
[Site "Rimavska Sobota"]
[Date "1990.??.??"]
[Round "2"]
[White "Stohl, Igor"]
[Black "Dobrovolsky, Ladislav"]
[Result "1-0"]
[WhiteElo "2530"]
[BlackElo "2405"]

1.Nf3 d5 2.d4 Nf6 3.c4 e6 4.Nc3 Be7 5.Bf4 O-O 6.e3 c5 7.dxc5 Bxc5 8.a3 Nc6
9.Be2 dxc4 10.Bxc4 a6 11.Qc2 Be7 12.Rd1 Qa5 13.O-O e5 14.Bg5 Bg4 15.Bxf6 Bxf3
16.gxf3 Bxf6 17.Rd7 e4 18.Qxe4 Bxc3 19.bxc3 Rac8 20.Bd5 Qxa3 21.Bxf7+ Kh8
22.c4 Qc3 23.f4 b5 24.cxb5 axb5 25.Bd5 Rfe8 26.Qb1 Nb4 27.Be4 h6 28.Rfd1 Nc2
29.Bxc2 Qxc2 30.Qxc2 Rxc2 31.Rb7 Rb2 32.Rdd7 Rg8 33.h4 b4 34.Kg2 b3 35.Rd3 g5
36.hxg5 hxg5 37.f5 Rf8 38.e4 Re2 39.Kf3 Re1 40.Rdxb3 g4+ 41.Kf4  1-0

[Event "Rimavska Sobota"]
[Site "Rimavska Sobota"]
[Date "1990.??.??"]
[Round "4"]
[White "Lechtynsky, Jiri"]
[Black "Dobrovolsky, Ladislav"]
[Result "1/2-1/2"]
[WhiteElo "2430"]
[BlackElo "2405"]

1.d4 d5 2.Nf3 Nf6 3.c4 e6 4.Nc3 Be7 5.Bf4 O-O 6.e3 c5 7.dxc5 Bxc5 8.a3 Nc6
9.Be2 dxc4 10.Bxc4 Nh5 11.Bg5 Be7 12.Qxd8 Rxd8 13.Bxe7 Nxe7 14.O-O Bd7 15.Rfd1 Bc6
16.Ne5 Nf6 17.Be2 Kf8 18.Kf1 Ke8 19.Rac1 Bd5 20.f3 Nc6 21.Nxc6 Bxc6 22.e4 Ke7
23.Kf2  1/2-1/2

[Event "ARG-ch"]
[Site "San Luis"]
[Date "1990.??.??"]
[Round "6"]
[White "Panno, Oscar"]
[Black "Gomez Baillo, Jorge H"]
[Result "1-0"]
[WhiteElo "2510"]
[BlackElo "2430"]

1.c4 e6 2.Nc3 d5 3.d4 Nf6 4.Nf3 Be7 5.Bf4 O-O 6.e3 c5 7.dxc5 Bxc5 8.Qc2 dxc4
9.Bxc4 a6 10.O-O b5 11.Bd3 Be7 12.a4 b4 13.Be4 Nxe4 14.Qxe4 Qb6 15.Nd5 exd5
16.Qxe7 Nc6 17.Qc7 Qxc7 18.Bxc7 Bd7 19.Rfd1 Rfc8 20.Bd6 Be6 21.Rac1 a5 22.Rc5 Nd8
23.Bc7 Nb7 24.Rcc1 Bd7 25.b3 Ra6 26.Nd4 f6 27.Rc2 Kf7 28.Rdc1 Raa8 29.f3 g5
30.g4 Ke7 31.Kf2 Kf7 32.Ke2 Ke7 33.Kd3 Be8 34.Nf5+ Kd7 35.Kd4 h5 36.Rc6 hxg4
37.fxg4 Bg6 38.Rxf6 Rg8 39.Rb6 Ra7 40.Bg3 Nd8 41.Rd6+ Ke8 42.Rc8  1-0

[Event "ARG-ch"]
[Site "San Luis"]
[Date "1990.??.??"]
[Round "9"]
[White "Boissonet, Carlos P"]
[Black "Soppe, Guillermo"]
[Result "1/2-1/2"]
[WhiteElo "2405"]
[BlackElo "2405"]

1.d4 d5 2.c4 e6 3.Nf3 Nf6 4.Nc3 Be7 5.Bf4 O-O 6.e3 c5 7.dxc5 Bxc5 8.a3 Nc6
9.b4 Be7 10.Ra2 Nh5 11.cxd5 exd5 12.Nxd5 Nxf4 13.Nxf4 Qxd1+ 14.Kxd1 Bg4 15.Bd3 Rfd8
16.Rd2 a5 17.b5 Ne5 18.Be2 Bxf3 19.gxf3 Bxa3 20.Rxd8+ Rxd8+ 21.Kc2 Bb4 22.Rd1 Rxd1
23.Kxd1 Bd6  1/2-1/2

[Event "Rilton Cup"]
[Site "Stockholm"]
[Date "1990.??.??"]
[Round "4"]
[White "Khenkin, Igor"]
[Black "Bator, Robert"]
[Result "1/2-1/2"]
[WhiteElo "2455"]
[BlackElo "2355"]

1.d4 d5 2.Nf3 Nf6 3.c4 e6 4.Nc3 Be7 5.Bf4 O-O 6.e3 c5 7.dxc5 Bxc5 8.Qc2 Nc6
9.a3 Bd6 10.Bg5 Ne5 11.O-O-O Nxf3 12.gxf3 Be7 13.Rg1 g6 14.Kb1 Bd7 15.cxd5 Nxd5
16.Bh6 Rc8 17.Bxf8 Qxf8 18.Rd3 Bf6 19.Nxd5 exd5 20.Qb3 Bf5 21.Qxd5 Bxd3+
22.Bxd3 Rd8 23.Qb3 Qd6  1/2-1/2

[Event "Sydney"]
[Site "Sydney"]
[Date "1990.??.??"]
[Round "4"]
[White "Azmaiparashvili, Zurab"]
[Black "Davidovic, Aleksandar"]
[Result "1-0"]
[WhiteElo "2610"]
[BlackElo "2420"]

1.c4 e6 2.Nc3 d5 3.d4 Nf6 4.Nf3 Be7 5.Bf4 O-O 6.e3 c5 7.dxc5 Bxc5 8.Qc2 Nc6
9.a3 Qa5 10.O-O-O dxc4 11.Bxc4 a6 12.g4 e5 13.Bg5 Nd7 14.Ne4 Be7 15.Bxe7 Nxe7
16.Nfg5 Ng6 17.Nd6  1-0

[Event "Tel Aviv"]
[Site "Tel Aviv"]
[Date "1990.??.??"]
[Round "?"]
[White "Soffer, Ram"]
[Black "Bruk, Ofer"]
[Result "1/2-1/2"]
[WhiteElo "2440"]
[BlackElo "2435"]

1.d4 d5 2.c4 e6 3.Nc3 Nf6 4.Nf3 Be7 5.Bf4 O-O 6.e3 c5 7.dxc5 Qa5 8.a3 dxc4
9.Bxc4 Qxc5 10.Qe2 Nc6 11.O-O Nd5 12.Bxd5 exd5 13.Rfd1 Be6 14.Rac1 Qa5 15.Qb5 Qxb5
16.Nxb5 Rfd8 17.Bg5 Bxg5 18.Nxg5 Rac8 19.h3 a6 20.Nd4 Nxd4 21.exd4 Bf5 22.Nf3 f6
23.Nd2 Bd3 24.Nf1 Bxf1 25.Kxf1 Kf7 26.Ke2  1/2-1/2

[Event "Toulouse op"]
[Site "Toulouse"]
[Date "1990.??.??"]
[Round "3"]
[White "Kolev, Atanas"]
[Black "Bricard, Emmanuel"]
[Result "1-0"]
[WhiteElo "2425"]
[BlackElo "2375"]

1.d4 d5 2.c4 e6 3.Nf3 Nf6 4.Nc3 Be7 5.Bf4 O-O 6.e3 Nbd7 7.Qc2 dxc4 8.Bxc4 c5
9.dxc5 Bxc5 10.O-O a6 11.Rfd1 b5 12.Bd3 Bb7 13.Ne5 h6 14.Nxd7 Nxd7 15.Bh7+ Kh8
16.Be4 Rb8 17.Bxb7 Rxb7 18.Ne4 Be7 19.Rac1 Qa8 20.Bd6 Nb8 21.Qc5 Qa7 22.Kf1 Kg8
23.Ke2 Bxd6 24.Qxa7 Rxa7 25.Rxd6 Re8 26.Rb6 Nd7 27.Rbc6 Kf8 28.Nd6 Rd8 29.Nc8 Ra8
30.Rc7 Nf6 31.e4 Nxe4 32.Nb6 Rd2+ 33.Ke3 Rad8 34.Kxe4 R8d4+ 35.Kf3 R4d3+
36.Kg4 Rd4+ 37.Kg3 Rxb2 38.Nd7+ Ke7 39.Ne5+ Kd6 40.f4 Kd5 41.Rd7+ Ke4 42.Re1+  1-0

[Event "Tuzla"]
[Site "Tuzla"]
[Date "1990.??.??"]
[Round "4"]
[White "Blagojevic, Dragisa"]
[Black "Angelov, Georgi"]
[Result "1-0"]
[WhiteElo "2395"]
[BlackElo "2335"]

1.d4 d5 2.c4 e6 3.Nf3 Be7 4.Nc3 Nf6 5.Bf4 O-O 6.e3 c5 7.dxc5 Bxc5 8.cxd5 exd5
9.Be2 Nc6 10.O-O Be6 11.Rc1 Be7 12.Nd4 Rc8 13.Bf3 Qa5 14.Nb3 Qd8 15.Nb5 Qb6
16.N5d4 Rfd8 17.Qd3 Ne8 18.Nxe6 fxe6 19.Bg4 Nb4 20.Qd4 Rxc1 21.Rxc1 Qa6 22.a3 Qd3
23.Bxe6+ Kh8 24.Qc3 Qg6 25.axb4 Qxe6 26.Nd4 Qe4 27.b5 Bf6 28.Qc5 h6 29.Qxa7 Nd6
30.Bxd6 Rxd6 31.Qxb7 Kh7 32.Qc7 Be5 33.Qc2 Bxd4 34.exd4 Rg6 35.Qxe4 dxe4
36.Rc6 Rg5 37.Rc5  1-0

[Event "USA op"]
[Site "USA"]
[Date "1990.??.??"]
[Round "?"]
[White "Strauss, David J"]
[Black "Garcia, Gildardo"]
[Result "1-0"]
[WhiteElo "2410"]
[BlackElo "2465"]

1.Nf3 Nf6 2.c4 e6 3.Nc3 d5 4.d4 Be7 5.Bf4 O-O 6.e3 c5 7.dxc5 Bxc5 8.Qc2 Nc6
9.a3 Qa5 10.Rd1 Be7 11.Nd2 e5 12.Bg5 d4 13.Nb3 Qb6 14.Bxf6 Bxf6 15.Nd5 Qd8
16.Bd3 Bg4 17.Rd2 g6 18.Nxf6+ Qxf6 19.exd4 Nxd4 20.Nxd4 exd4 21.O-O Rad8
22.h3 Be6 23.Re2 Bd7 24.Rfe1 Bc6 25.Qd2 Kg7 26.b4 a6 27.Re5 h6 28.f4 Rd6
29.Qf2 Rfd8 30.h4 b5 31.g4 Kf8 32.g5 hxg5 33.c5 Rd5 34.fxg5 Qxf2+ 35.Kxf2 Rxe5
36.Rxe5 Bd5 37.Ke2 Be6 38.Kd2 Ke7 39.Be4 f6 40.gxf6+  1-0

[Event "FRA-FRG"]
[Site "Uzes"]
[Date "1990.??.??"]
[Round "4"]
[White "Lobron, Eric"]
[Black "Renet, Olivier"]
[Result "1-0"]
[WhiteElo "2535"]
[BlackElo "2495"]

1.Nf3 d5 2.d4 Nf6 3.c4 e6 4.Nc3 Be7 5.Bf4 O-O 6.e3 c5 7.dxc5 Bxc5 8.Be2 Nc6
9.O-O a6 10.cxd5 Nxd5 11.Nxd5 exd5 12.Rc1 Bb6 13.Ne5 Ne7 14.Nd3 Be6 15.Qa4 Rc8
16.Qa3 Rc4 17.Bd6 Re8 18.Bxe7 Qxe7 19.Qxe7 Rxe7 20.Rxc4 dxc4 21.Nf4 Rc7 22.Rd1 Rc8
23.Nxe6 fxe6 24.Bg4 Rc6 25.Bf3 Rc7 26.Rd6 Bc5 27.Rxe6 Rd7 28.Re5 Bd6 29.Bd5+ Kf8
30.Rf5+ Ke8 31.Bxc4 Rc7 32.b3 b5 33.Bf1 Rc2 34.a4 bxa4 35.bxa4 Rc1 36.g3 Bc7
37.Kg2 a5 38.h4 Rc2 39.g4 Ke7 40.g5 Bd6  1-0

[Event "Vienna op"]
[Site "Vienna"]
[Date "1990.??.??"]
[Round "9"]
[White "Kolev, Atanas"]
[Black "Polak, Tomas"]
[Result "1-0"]
[WhiteElo "2445"]
[BlackElo "2355"]

1.c4 e6 2.Nc3 d5 3.d4 Nf6 4.Nf3 Be7 5.Bf4 O-O 6.e3 c5 7.dxc5 Bxc5 8.Be2 Nc6
9.O-O a6 10.cxd5 exd5 11.Rc1 Ba7 12.Qb3 Na5 13.Qa3 Be6 14.Rfd1 Rc8 15.Nd4 Nc4
16.Qb3 Na5 17.Qc2 Qe7 18.Qb1 Rfd8 19.Bg5 Bb8 20.Nf5 Bxf5 21.Qxf5 Qe5 22.Qxe5 Bxe5
23.Bf3 d4 24.exd4 Bxd4 25.Nd5 Rxc1 26.Bxc1 Nc6 27.Nxf6+ Bxf6 28.Rxd8+ Bxd8
29.Bd2 Bf6 30.b3 Kf8 31.Kf1 Ke7 32.Bd5 Bd4 33.Ke2 h6 34.h4 f5 35.Bf4 Kd7
36.h5 b5 37.a4 bxa4 38.bxa4 Nb4 39.Bc4 Bc3 40.f3 a5 41.Be3 Kc6 42.Bb5+ Kd6
43.Bc4 Kc6 44.Bf7 Nc2 45.Bc1 Be5 46.Bd2 Nb4 47.f4 Bf6 48.Bg6 Nd5 49.Kd3 Kc5
50.Bxf5 Nb6 51.Be3+ Kc6 52.Bg6 Kc7 53.Be8 Nd5 54.Bd2 Kd6 55.Bf7 Nb4+ 56.Kc4 Nc6
57.Bd5 Nb4 58.Be4  1-0

[Event "Wiesbaden op"]
[Site "Wiesbaden"]
[Date "1990.??.??"]
[Round "?"]
[White "Kallai, Gabor"]
[Black "Schneider, Attila"]
[Result "1-0"]
[WhiteElo "2420"]
[BlackElo "2425"]

1.d4 Nf6 2.c4 e6 3.Nf3 d5 4.Nc3 Be7 5.Bf4 c6 6.e3 Nh5 7.Be5 Nd7 8.Qc2 Nxe5
9.dxe5 g6 10.O-O-O Bd7 11.h4 f5 12.exf6 Bxf6 13.g4 Ng7 14.g5 Be7 15.Ne5 Nf5
16.h5 Bxg5 17.hxg6 Qf6 18.Nxd7 Kxd7 19.gxh7 Raf8 20.cxd5 exd5 21.Nxd5 cxd5
22.Rxd5+ Ke8 23.Bb5+ Kf7 24.Qxf5  1-0